000
00276nam a2200109Ia 4500
008
220204s9999 xx 000 0 und d
082
_a
362.178
_b
KUM
100
_a
Kumudini Dandekar
245
0
_a
Communication in family planning
260
_a
Poona
_b
Gokhale
_c
1967
942
_c
BK
999
_c
20774
_d
20774